[Event "7. Open Stadium Casablanca"]
[Site "Zaragoza ESP"]
[Date "2013.12.27"]
[Round "3.2"]
[White "Cruz, Cristhian"]
[Black "Quintin Navarro, Alberto"]
[Result "1-0"]
[WhiteElo "2549"]
[BlackElo "2317"]
[PlyCount "109"]
[EventDate "2013.12.26"]
[EventType "swiss"]
[EventRounds "9"]
[EventCountry "ESP"]
[Source "lmi"]
[SourceDate "2013.12.26"]

1. d4 e6 2. c4 Bb4+ 3. Nc3 c5 4. e3 Nc6 5. Nf3 d6 6. Bd2 Nf6 7. a3 Bxc3 8. Bxc3
Ne4 9. Qc2 Nxc3 10. Qxc3 Qf6 11. Rd1 O-O 12. Bd3 cxd4 13. exd4 e5 14. dxe5 Nxe5
15. Nxe5 Re8 16. O-O dxe5 17. Be4 Bg4 18. Rd5 Rac8 19. b3 b6 20. f4 exf4 21.
Qxf6 gxf6 22. Rxf4 Be6 23. Rd3 Rc5 24. a4 Re5 25. Bc6 Rc8 26. Bf3 Kg7 27. Kf2
f5 28. Rfd4 Rc7 29. Re3 Kf6 30. Rh4 Rxe3 31. Kxe3 Kg6 32. Rd4 Kf6 33. g3 Rc5
34. Rd8 Ke7 35. Ra8 Rc7 36. Rh8 Rd7 37. Rxh7 f4+ 38. gxf4 Bf5 39. Rh5 Kf6 40.
Be4 Bxe4 41. Kxe4 Rd2 42. a5 Re2+ 43. Kd3 Rb2 44. Kc3 Rf2 45. axb6 axb6 46.
Rh6+ Ke7 47. Rxb6 Rxf4 48. b4 Rh4 49. b5 f5 50. Rb7+ Ke6 51. Rb8 Rxh2 52. Rf8
Rh5 53. b6 Rh7 54. Kb4 Kd6 55. Kb5 1-0

[Event "7. Open Stadium Casablanca"]
[Site "Zaragoza ESP"]
[Date "2013.12.27"]
[Round "3.4"]
[White "Sanchez Saez, Francisco"]
[Black "Forcen Esteban, Daniel"]
[Result "1/2-1/2"]
[WhiteElo "2295"]
[BlackElo "2511"]
[PlyCount "60"]
[EventDate "2013.12.26"]
[EventType "swiss"]
[EventRounds "9"]
[EventCountry "ESP"]
[Source "lmi"]
[SourceDate "2013.12.26"]

1. e4 e6 2. d4 d5 3. Nc3 Nf6 4. Bg5 Be7 5. e5 Nfd7 6. h4 h6 7. Bxe7 Qxe7 8. Qg4
O-O 9. f4 a6 10. Nf3 c5 11. O-O-O Nc6 12. Rh3 cxd4 13. Nxd4 Nxd4 14. Rxd4 f5
15. exf6 Qxf6 16. Qd1 Nb8 17. f5 Qxf5 18. Rf3 Qe5 19. Nxd5 Rxf3 20. Qxf3 exd5
21. Rxd5 Qc7 22. Qe4 Nd7 23. Bc4 Kf8 24. Qf3+ Nf6 25. Qa3+ Qe7 26. Rd8+ Ne8 27.
Qf3+ Qf6 28. Qa3+ Qe7 29. Qf3+ Qf6 30. Qa3+ Qe7 1/2-1/2

[Event "7. Open Stadium Casablanca"]
[Site "Zaragoza ESP"]
[Date "2013.12.27"]
[Round "3.6"]
[White "Villuendas Valero, Adrian"]
[Black "Del Rio De Angelis, Salvador G"]
[Result "0-1"]
[WhiteElo "2276"]
[BlackElo "2498"]
[PlyCount "80"]
[EventDate "2013.12.26"]
[EventType "swiss"]
[EventRounds "9"]
[EventCountry "ESP"]
[Source "lmi"]
[SourceDate "2013.12.26"]

1. d4 e6 2. Nf3 Nf6 3. g3 b5 4. Bg2 Bb7 5. O-O c5 6. a4 b4 7. c3 Na6 8. cxb4
Nxb4 9. Bd2 cxd4 10. Bxb4 Bxb4 11. Qxd4 a5 12. Nc3 O-O 13. Rfd1 Qe7 14. Ne5 d5
15. Rac1 Rfc8 16. Nb5 Bc5 17. Qf4 Ba6 18. e3 Qb7 19. Bf1 Ne4 20. Bd3 f5 21.
Bxe4 fxe4 22. Qg4 Qe7 23. Nd4 Bb7 24. Nb5 Bb6 25. Nd4 Re8 26. Qh5 Rf8 27. Rc2
Rf6 28. Rdc1 Raf8 29. Qg4 Qd6 30. Nec6 e5 31. Nb5 Qe6 32. Qxe6+ Rxe6 33. b4
axb4 34. Nxb4 d4 35. a5 Bxa5 36. Nc6 Bxc6 37. Rxc6 Rxc6 38. Rxc6 d3 39. Rd6 Rb8
40. Rd5 d2 0-1

[Event "7. Open Stadium Casablanca"]
[Site "Zaragoza ESP"]
[Date "2013.12.27"]
[Round "3.8"]
[White "Garriga Cazorla, Pere"]
[Black "Cruz, Jonathan"]
[Result "1/2-1/2"]
[WhiteElo "2227"]
[BlackElo "2468"]
[PlyCount "229"]
[EventDate "2013.12.26"]
[EventType "swiss"]
[EventRounds "9"]
[EventCountry "ESP"]
[Source "lmi"]
[SourceDate "2013.12.26"]

1. d4 d5 2. c4 e6 3. Nc3 Nf6 4. cxd5 exd5 5. Bg5 Be7 6. Qc2 O-O 7. e3 Nbd7 8.
Nf3 Re8 9. h3 g6 10. Rd1 c6 11. Bd3 Nf8 12. O-O Ne6 13. Bh4 Nh5 14. Bxe7 Qxe7
15. Ne5 Ng5 16. f4 Ne4 17. Nxe4 dxe4 18. Bc4 Be6 19. Bxe6 Qxe6 20. Qc4 Ng3 21.
Qxe6 Rxe6 22. Rfe1 f6 23. Nc4 h5 24. Kf2 h4 25. b3 Rd8 26. Rd2 g5 27. fxg5 fxg5
28. Kg1 c5 29. dxc5 Rd3 30. Rxd3 exd3 31. Rd1 Rf6 32. Ne5 Ne2+ 33. Kh2 Rf5 34.
Nxd3 Rd5 35. e4 Rd7 36. Re1 Ng3 37. Ne5 Re7 38. Nf3 Rxe4 39. Rd1 Re2 40. Nxg5
Rxa2 41. Nf3 Rb2 42. Nxh4 Rxb3 43. Rd7 Ne4 44. c6 bxc6 45. Rxa7 c5 46. Re7 Nd6
47. Ng6 c4 48. Rd7 Rd3 49. Ne5 Rd2 50. Rc7 Re2 51. Rc5 c3 52. Rxc3 Rxe5 53. Rd3
Nf5 54. Rd2 Kg7 55. Rf2 Kg6 56. Ra2 Kg5 57. Rf2 Re3 58. Ra2 Ng3 59. Rf2 Ne4 60.
Ra2 Kf4 61. Rb2 Re1 62. Ra2 Rd1 63. Rb2 Rd3 64. Ra2 Ke3 65. Rb2 Ra3 66. Rc2 Ra8
67. Rb2 Nd2 68. Rb7 Nf1+ 69. Kg1 Nd2 70. Kh2 Ra2 71. Rf7 Ra8 72. Rb7 Re8 73.
Ra7 Nf1+ 74. Kg1 Ke2 75. Ra2+ Nd2 76. Ra7 Re6 77. Ra8 Ke1 78. Ra1+ Ke2 79. Ra8
Nb3 80. Rb8 Nc1 81. Rb2+ Ke3 82. Kh2 Nd3 83. Rb8 Ke2 84. Ra8 Rf6 85. Re8+ Kf1
86. Rg8 Ne1 87. h4 Kf2 88. h5 Rf5 89. g4 Re5 90. Ra8 Nf3+ 91. Kh3 Ng1+ 92. Kh4
Nf3+ 93. Kh3 Re1 94. Ra2+ Ke3 95. Ra3+ Kf4 96. Ra4+ Kg5 97. Ra8 Rg1 98. Ra5+
Kf4 99. Ra4+ Ke3 100. Ra3+ Ke4 101. h6 Ne5 102. Ra4+ Kf3 103. Kh4 Rh1+ 104. Kg5
Nf7+ 105. Kf6 Nxh6 106. g5 Ng4+ 107. Rxg4 Kxg4 108. g6 Rf1+ 109. Ke7 Re1+ 110.
Kf7 Kf5 111. g7 Ra1 112. g8=Q Ra7+ 113. Kf8 Ra8+ 114. Kf7 Rxg8 115. Kxg8
1/2-1/2

[Event "7. Open Stadium Casablanca"]
[Site "Zaragoza ESP"]
[Date "2013.12.27"]
[Round "3.9"]
[White "Oms Pallisse, Josep"]
[Black "Banos, Oscar"]
[Result "1/2-1/2"]
[WhiteElo "2453"]
[BlackElo "2207"]
[PlyCount "120"]
[EventDate "2013.12.26"]
[EventType "swiss"]
[EventRounds "9"]
[EventCountry "ESP"]
[Source "lmi"]
[SourceDate "2013.12.26"]

1. c4 g6 2. d4 d6 3. e4 Bg7 4. Nc3 a6 5. Be3 c6 6. Nf3 b5 7. a3 Nf6 8. h3 O-O
9. Be2 Nbd7 10. O-O bxc4 11. Bxc4 d5 12. Bd3 dxe4 13. Nxe4 Nd5 14. Bd2 Qb6 15.
Qc2 a5 16. Rab1 Ba6 17. Bxa6 Qxa6 18. Rfc1 Rfc8 19. Nc5 Qa7 20. Nxd7 Qxd7 21.
Qc5 a4 22. Ne5 Bxe5 23. dxe5 Qf5 24. Qd4 e6 25. b4 axb3 26. Rxb3 c5 27. Rxc5
Rxc5 28. Qxc5 Qxe5 29. Qc6 Rd8 30. Qc1 Qe2 31. Bh6 Ne7 32. Rb1 Rc8 33. Qb2 Qxb2
34. Rxb2 f6 35. Rb7 Nd5 36. Rg7+ Kh8 37. Ra7 Kg8 38. a4 g5 39. h4 gxh4 40. a5
Rc7 41. Rxc7 Nxc7 42. Kf1 Kf7 43. Ke2 e5 44. Kd3 Ke6 45. Kc4 Kd6 46. Bg7 Ne8
47. Bf8+ Kc6 48. Be7 Kd7 49. Bc5 Kc6 50. a6 Nc7 51. a7 Kb7 52. Be3 Ne6 53. Kd5
Ng5 54. f3 h3 55. gxh3 Nxf3 56. Ke6 Ng5+ 57. Bxg5 fxg5 58. Kxe5 h5 59. Kf5 g4
60. hxg4 hxg4 1/2-1/2

[Event "7. Open Stadium Casablanca"]
[Site "Zaragoza ESP"]
[Date "2013.12.27"]
[Round "3.10"]
[White "Prieto Martin, Alfonso"]
[Black "Garza Marco, Sergio"]
[Result "0-1"]
[WhiteElo "2186"]
[BlackElo "2447"]
[PlyCount "302"]
[EventDate "2013.12.26"]
[EventType "swiss"]
[EventRounds "9"]
[EventCountry "ESP"]
[Source "lmi"]
[SourceDate "2013.12.26"]

1. e4 d6 2. d4 Nf6 3. Nc3 g6 4. f4 Bg7 5. Nf3 O-O 6. Bd3 Na6 7. O-O c5 8. d5
Bg4 9. h3 Bxf3 10. Qxf3 Nb4 11. Ne2 b5 12. Bd2 Qb6 13. a3 Nxd3 14. cxd3 a5 15.
a4 bxa4 16. Rxa4 Qxb2 17. Bc3 Qc2 18. Rfa1 Rfb8 19. R4a2 Qb3 20. Rb2 Qxb2 21.
Bxb2 Rxb2 22. Ra3 Nd7 23. Nc3 Bd4+ 24. Kh2 Rf2 25. Qd1 Rb8 26. Ra2 Rxf4 27. Ne2
Rf2 28. Qa4 Be5+ 29. Kg1 Rf6 30. g3 Rb1+ 31. Kg2 Nf8 32. Qxa5 Rbf1 33. Nf4 Bxf4
34. gxf4 R6xf4 35. Qd8 f5 36. Qxe7 fxe4 37. dxe4 Rf6 38. e5 dxe5 39. Qxe5 R1f5
40. Qe3 Rxd5 41. Qb3 Rff5 42. Rd2 Ne6 43. Rxd5 Nf4+ 44. Kh2 Nxd5 45. Qb8+ Kf7
46. Qa7+ Ne7 47. Qa2+ Kf6 48. Qb2+ Ke6 49. Qb6+ Kf7 50. Qb3+ Kf6 51. Qb6+ Kf7
52. Qb3+ Rd5 53. Qf3+ Ke6 54. Qe4+ Kd6 55. Qf4+ Kc6 56. Qa4+ Kd6 57. Qf4+ Ke6
58. Qe4+ Re5 59. Qc4+ Kd6 60. Qa6+ Nc6 61. Qd3+ Rd5 62. Qg3+ Ne5 63. Qa3 Rd2+
64. Kg1 Kd5 65. Qa8+ Kd4 66. Qa1+ Kd5 67. Qa8+ Kd4 68. Qa1+ Ke4 69. Qe1+ Kf5
70. Qf1+ Ke6 71. Qa6+ Kf5 72. Qc8+ Nd7 73. Qc6 Rd4 74. Qf3+ Ke5 75. Qg3+ Kd5
76. Qf3+ Kd6 77. Qa3 Ne5 78. Qa6+ Nc6 79. Qa3 Ne5 80. Qa6+ Ke7 81. Qa7+ Nd7 82.
Qa3 Rd5 83. Qe3+ Re5 84. Qf4 Kd6 85. Qd2+ Kc6 86. Qg2+ Rd5 87. Qe4 Nb6 88. Qe8+
Rd7 89. Qe4+ Kc7 90. Qe5+ Kc6 91. Qe4+ Kb5 92. Qb1+ Ka6 93. Qa2+ Kb7 94. Qg2+
Rd5 95. Qe4 c4 96. Qe7+ Rd7 97. Qe4+ Ka6 98. Qb1 Rc7 99. Qa1+ Kb5 100. Qb2+ Ka6
101. Qa3+ Kb7 102. Qc3 g5 103. Kh2 h5 104. Qf3+ Ka6 105. Qa3+ Kb5 106. Qb2+ Ka6
107. Qa3+ Kb7 108. Qf3+ Kb8 109. Qf8+ Rc8 110. Qd6+ Kb7 111. Qe7+ Ka6 112. Qa3+
Kb5 113. Qb2+ Ka6 114. Qa3+ Kb7 115. Qe7+ Rc7 116. Qe4+ Ka6 117. Qe5 Rd7 118.
Qa1+ Kb7 119. Qe5 h4 120. Qe4+ Ka6 121. Qe3 Rd5 122. Qa3+ Kb5 123. Qb2+ Kc5
124. Qa3+ Kc6 125. Qc3 Rd3 126. Qf6+ Rd6 127. Qf3+ Kb5 128. Qf5+ Nd5 129. Qb1+
Nb4 130. Qc1 Rd5 131. Qb2 Rd3 132. Qe5+ Nd5 133. Qb2+ Kc5 134. Qf2+ Re3 135.
Qf8+ Kd4 136. Qg7+ Re5 137. Qa7+ Kd3 138. Qa6 Re2+ 139. Kh1 Re3 140. Qg6+ Kd4
141. Qg7+ Ke4 142. Qg6+ Kf3 143. Qh5+ Ke4 144. Qg6+ Kd4 145. Qg7+ Re5 146. Qa7+
Kd3 147. Qa6 Nf4 148. Qa3+ c3 149. Qa6+ Kd2 150. Qd6+ Nd3 151. Qc7 c2 0-1

[Event "7. Open Stadium Casablanca"]
[Site "Zaragoza ESP"]
[Date "2013.12.27"]
[Round "3.11"]
[White "Hoffman, Alejandro"]
[Black "Martins, David Pires Tavares"]
[Result "1-0"]
[WhiteElo "2447"]
[BlackElo "2172"]
[PlyCount "49"]
[EventDate "2013.12.26"]
[EventType "swiss"]
[EventRounds "9"]
[EventCountry "ESP"]
[Source "lmi"]
[SourceDate "2013.12.26"]

1. d4 f5 2. g3 Nf6 3. Bg2 e6 4. Nf3 d5 5. O-O Bd6 6. c4 c6 7. b3 Qe7 8. Bb2 O-O
9. Nbd2 Bd7 10. Ne5 Be8 11. Ndf3 Bh5 12. Nd3 Nbd7 13. Nfe5 Ng4 14. Qc1 Rac8 15.
c5 Bb8 16. f3 Ngxe5 17. dxe5 g5 18. Qe3 b6 19. b4 bxc5 20. bxc5 Bc7 21. Bd4 Rb8
22. Rfb1 Bg6 23. f4 h6 24. Nb4 Bxe5 25. Nxc6 1-0

[Event "7. Open Stadium Casablanca"]
[Site "Zaragoza ESP"]
[Date "2013.12.27"]
[Round "3.12"]
[White "Firat, Burak"]
[Black "Amores Gago, Javier"]
[Result "1-0"]
[WhiteElo "2433"]
[BlackElo "2162"]
[PlyCount "55"]
[EventDate "2013.12.26"]
[EventType "swiss"]
[EventRounds "9"]
[EventCountry "ESP"]
[Source "lmi"]
[SourceDate "2013.12.26"]

1. e4 e5 2. Nf3 Nc6 3. Bb5 Nf6 4. O-O Nxe4 5. Re1 Nd6 6. Nxe5 Nxe5 7. Rxe5+ Be7
8. Bf1 O-O 9. Nc3 c6 10. d4 Ne8 11. d5 Bf6 12. Re1 g6 13. d6 b6 14. Ne4 Bb7 15.
Qf3 Bg7 16. Bg5 f6 17. Bf4 c5 18. Qb3+ Kh8 19. Nxc5 Bc6 20. Nd3 g5 21. Bg3 f5
22. Be5 Bxe5 23. Nxe5 Nxd6 24. Rad1 Qc7 25. Qc3 Kg8 26. Bc4+ Nxc4 27. Qxc4+ Kg7
28. Rxd7+ 1-0

[Event "7. Open Stadium Casablanca"]
[Site "Zaragoza ESP"]
[Date "2013.12.27"]
[Round "3.13"]
[White "Vassallo Barroche, Mauricio"]
[Black "Pes Mateo, Angel"]
[Result "1-0"]
[WhiteElo "2407"]
[BlackElo "2008"]
[PlyCount "47"]
[EventDate "2013.12.26"]
[EventType "swiss"]
[EventRounds "9"]
[EventCountry "ESP"]
[Source "lmi"]
[SourceDate "2013.12.26"]

1. d4 Nf6 2. g3 d6 3. Bg2 c6 4. e4 Nbd7 5. Ne2 e5 6. a4 a5 7. Nbc3 Be7 8. h3
Qc7 9. Be3 O-O 10. O-O b6 11. f4 Ba6 12. g4 c5 13. dxe5 dxe5 14. f5 h6 15. Rf2
c4 16. Ng3 Rad8 17. h4 Bc5 18. Bxc5 Nxc5 19. Qe2 Rd4 20. g5 hxg5 21. hxg5 Nh7
22. Qh5 Qd6 23. f6 g6 24. Qh6 1-0

[Event "7. Open Stadium Casablanca"]
[Site "Zaragoza ESP"]
[Date "2013.12.27"]
[Round "3.14"]
[White "Iagar, Razvan-Gabriel"]
[Black "Glavina, Pablo"]
[Result "0-1"]
[WhiteElo "2172"]
[BlackElo "2444"]
[PlyCount "62"]
[EventDate "2013.12.26"]
[EventType "swiss"]
[EventRounds "9"]
[EventCountry "ESP"]
[Source "lmi"]
[SourceDate "2013.12.26"]

1. d4 Nf6 2. Nf3 c5 3. d5 g6 4. c4 e6 5. Nc3 exd5 6. cxd5 d6 7. h3 a6 8. a4 Qe7
9. Bf4 Nbd7 10. Ra3 Bg7 11. e4 O-O 12. Bd3 Nh5 13. Bh2 f5 14. Qe2 f4 15. O-O
Ne5 16. Nxe5 Bxe5 17. f3 g5 18. Nd1 Qg7 19. Rb3 b5 20. axb5 axb5 21. Bxb5 Ra1
22. Nf2 Rxf1+ 23. Qxf1 Bxb2 24. Ba6 Ng3 25. Bxg3 fxg3 26. Nd1 Bd4+ 27. Kh1 Bxa6
28. Qxa6 g4 29. fxg4 Qa7 30. Qd3 c4 31. Qxc4 Qa4 0-1

[Event "7. Open Stadium Casablanca"]
[Site "Zaragoza ESP"]
[Date "2013.12.27"]
[Round "3.15"]
[White "Manelidou, Maria"]
[Black "Kanmazalp, Ogulcan"]
[Result "0-1"]
[WhiteElo "2030"]
[BlackElo "2414"]
[PlyCount "62"]
[EventDate "2013.12.26"]
[EventType "swiss"]
[EventRounds "9"]
[EventCountry "ESP"]
[Source "lmi"]
[SourceDate "2013.12.26"]

1. e4 c5 2. Nf3 e6 3. c4 Nc6 4. Nc3 g5 5. h3 Bg7 6. d3 h6 7. Be3 Nd4 8. Bxd4
cxd4 9. Nb5 Qb6 10. Qb3 a6 11. Na3 Qa5+ 12. Ke2 Ne7 13. Rc1 Qc5 14. Qa4 b5 15.
Nxb5 Qc6 16. Nc3 dxc3 17. Qxc6 Nxc6 18. bxc3 Rb8 19. Rc2 f5 20. Nd2 O-O 21. g3
fxe4 22. Nxe4 d5 23. Nd6 dxc4 24. Nxc4 Bb7 25. Rg1 Ne5 26. Nxe5 Bxe5 27. f4 Bg7
28. fxg5 Bf3+ 29. Ke3 Rb1 30. d4 hxg5 31. Rf2 g4 0-1

[Event "7. Open Stadium Casablanca"]
[Site "Zaragoza ESP"]
[Date "2013.12.28"]
[Round "4.2"]
[White "Garza Marco, Sergio"]
[Black "Cruz, Cristhian"]
[Result "0-1"]
[WhiteElo "2447"]
[BlackElo "2549"]
[PlyCount "70"]
[EventDate "2013.12.26"]
[EventType "swiss"]
[EventRounds "9"]
[EventCountry "ESP"]
[Source "lmi"]
[SourceDate "2013.12.26"]

1. d4 e6 2. Nf3 c5 3. e3 Nf6 4. Bd3 d5 5. b3 Nc6 6. O-O b6 7. Bb2 Bb7 8. c4
cxd4 9. exd4 Be7 10. Nbd2 O-O 11. Rc1 Rc8 12. Re1 Re8 13. a3 dxc4 14. bxc4 Bf8
15. Nf1 g6 16. Ne3 Bg7 17. Bc2 Na5 18. Ba4 Re7 19. Ne5 Rec7 20. Qe2 Ba6 21. Rc2
Nd5 22. Rec1 Nxe3 23. fxe3 Bxe5 24. dxe5 Nxc4 25. Rd1 Qf8 26. Rcc1 Nxb2 27.
Qxb2 Rxc1 28. Rxc1 Rxc1+ 29. Qxc1 Qd8 30. Qc3 Qd3 31. Qxd3 Bxd3 32. Bb3 Kf8 33.
Kf2 Ke7 34. Kf3 f6 35. Kf4 g5+ 0-1

[Event "7. Open Stadium Casablanca"]
[Site "Zaragoza ESP"]
[Date "2013.12.28"]
[Round "4.4"]
[White "Firat, Burak"]
[Black "Paunovic, Dragan"]
[Result "1/2-1/2"]
[WhiteElo "2433"]
[BlackElo "2500"]
[PlyCount "75"]
[EventDate "2013.12.26"]
[EventType "swiss"]
[EventRounds "9"]
[EventCountry "ESP"]
[Source "lmi"]
[SourceDate "2013.12.26"]

1. e4 d6 2. d4 Nf6 3. f3 c5 4. d5 e6 5. c4 exd5 6. cxd5 Be7 7. Bd3 O-O 8. Ne2
a6 9. a4 Nbd7 10. Nec3 Ne5 11. Be2 Ne8 12. O-O f5 13. f4 Ng6 14. exf5 Bxf5 15.
Na3 Bf6 16. g4 Bd4+ 17. Kh1 Bd7 18. Nc2 Qh4 19. Nxd4 cxd4 20. Ne4 Nf6 21. Nf2
Rae8 22. Ra3 Ne4 23. Nxe4 Rxe4 24. Bf3 Re7 25. Qxd4 Bxg4 26. Bg2 Qf6 27. Qxf6
Rxf6 28. Re3 Rxe3 29. Bxe3 Rf7 30. Bd2 Re7 31. Kg1 Nh4 32. Re1 Kf7 33. Rxe7+
Kxe7 34. Kf2 Nxg2 35. Kxg2 Bd1 36. a5 Bb3 37. f5 Kf6 38. Bc3+ 1/2-1/2

[Event "7. Open Stadium Casablanca"]
[Site "Zaragoza ESP"]
[Date "2013.12.28"]
[Round "4.5"]
[White "Del Rio De Angelis, Salvador G"]
[Black "Vassallo Barroche, Mauricio"]
[Result "1-0"]
[WhiteElo "2498"]
[BlackElo "2407"]
[PlyCount "65"]
[EventDate "2013.12.26"]
[EventType "swiss"]
[EventRounds "9"]
[EventCountry "ESP"]
[Source "lmi"]
[SourceDate "2013.12.26"]

1. d4 d5 2. c4 dxc4 3. e3 e5 4. Bxc4 exd4 5. exd4 Nf6 6. Qb3 Qe7+ 7. Be3 Qb4+
8. Nc3 Qxb3 9. Bxb3 Bb4 10. Nf3 O-O 11. O-O c6 12. Bg5 Bf5 13. Bxf6 gxf6 14. a3
Bxc3 15. bxc3 Nd7 16. Nh4 Be6 17. c4 Nb6 18. Rac1 Rad8 19. Rfd1 Rfe8 20. h3 c5
21. dxc5 Rxd1+ 22. Rxd1 Nxc4 23. Bxc4 Bxc4 24. Nf5 Be6 25. Nd6 Re7 26. Nb5 a6
27. Rd8+ Kg7 28. Nd6 Kh6 29. f4 Rc7 30. f5 Ba2 31. Rg8 Rxc5 32. g4 Bd5 33. Ne8
1-0

[Event "7. Open Stadium Casablanca"]
[Site "Zaragoza ESP"]
[Date "2013.12.28"]
[Round "4.7"]
[White "Cruz, Jonathan"]
[Black "Chueca Forcen, Alberto"]
[Result "1/2-1/2"]
[WhiteElo "2468"]
[BlackElo "2326"]
[PlyCount "67"]
[EventDate "2013.12.26"]
[EventType "swiss"]
[EventRounds "9"]
[EventCountry "ESP"]
[Source "lmi"]
[SourceDate "2013.12.26"]

1. c4 Nf6 2. Nc3 e6 3. e4 c5 4. e5 Ng8 5. d4 Nc6 6. dxc5 Bxc5 7. Nf3 d6 8. exd6
Nf6 9. Bd3 Qxd6 10. O-O e5 11. Bg5 Be6 12. Qe2 Bg4 13. Nb5 Qe7 14. h3 Bh5 15.
g4 Bg6 16. Rad1 O-O-O 17. Nc3 Qe6 18. Ne4 Nxe4 19. Bxe4 Rxd1 20. Rxd1 Nd4 21.
Nxd4 exd4 22. Bd3 Qc6 23. Re1 Bb4 24. Bd2 Bxd2 25. Qxd2 Qf3 26. Bxg6 hxg6 27.
Qxd4 Qxh3 28. Qc5+ Kb8 29. Qe5+ Kc8 30. Qc5+ Kb8 31. Qe5+ Kc8 32. Qc5+ Kb8 33.
Qe5+ Kc8 34. Qc5+ 1/2-1/2

[Event "7. Open Stadium Casablanca"]
[Site "Zaragoza ESP"]
[Date "2013.12.28"]
[Round "4.8"]
[White "Ruperez Benito, Antonio"]
[Black "Oms Pallisse, Josep"]
[Result "1/2-1/2"]
[WhiteElo "1977"]
[BlackElo "2453"]
[PlyCount "77"]
[EventDate "2013.12.26"]
[EventType "swiss"]
[EventRounds "9"]
[EventCountry "ESP"]
[Source "lmi"]
[SourceDate "2013.12.26"]

1. e4 e5 2. Nf3 Nc6 3. Bc4 Bc5 4. c3 Nf6 5. d3 d6 6. Be3 Bxe3 7. fxe3 O-O 8.
Nbd2 Ne7 9. O-O Ng6 10. d4 h6 11. Qe1 Qe7 12. Nh4 Nxh4 13. Qxh4 Be6 14. Bd3
Rfe8 15. Nf3 Rad8 16. Qg3 Nh7 17. b3 a6 18. Rac1 c5 19. Bc2 Bc8 20. Rcd1 Ng5
21. Nxg5 hxg5 22. Rd2 Bd7 23. Rdf2 Rf8 24. d5 c4 25. Bd1 cxb3 26. axb3 Rc8 27.
Bh5 f6 28. c4 b5 29. Bg6 bxc4 30. h4 g4 31. Rf5 Bxf5 32. Bxf5 Rc7 33. bxc4 Kf7
34. Qxg4 Ke8 35. Ra1 Kd8 36. Rxa6 Ra7 37. Rc6 Rc7 38. Ra6 Ra7 39. Rc6 1/2-1/2

[Event "7. Open Stadium Casablanca"]
[Site "Zaragoza ESP"]
[Date "2013.12.28"]
[Round "4.9"]
[White "Glavina, Pablo"]
[Black "Sanchez Saez, Francisco"]
[Result "0-1"]
[WhiteElo "2444"]
[BlackElo "2295"]
[PlyCount "48"]
[EventDate "2013.12.26"]
[EventType "swiss"]
[EventRounds "9"]
[EventCountry "ESP"]
[Source "lmi"]
[SourceDate "2013.12.26"]

1. Nf3 Nf6 2. g3 g6 3. b3 Bg7 4. Bb2 O-O 5. Bg2 d6 6. d4 Nbd7 7. c4 c6 8. O-O
Re8 9. Nc3 e5 10. dxe5 dxe5 11. Qc2 e4 12. Ng5 e3 13. f4 Nc5 14. Rad1 Qe7 15.
Ba3 Bf5 16. Qc1 h6 17. Na4 b6 18. Nf3 Ng4 19. Nd4 Be4 20. Nxc5 bxc5 21. Bxe4
Qxe4 22. Nf3 Nf2 23. Rd6 g5 24. Qb1 g4 0-1

[Event "7. Open Stadium Casablanca"]
[Site "Zaragoza ESP"]
[Date "2013.12.28"]
[Round "4.12"]
[White "Portela Peleteiro, Alberto"]
[Black "Antoli Royo, Joaquin Miguel"]
[Result "0-1"]
[WhiteElo "2001"]
[BlackElo "2405"]
[PlyCount "68"]
[EventDate "2013.12.26"]
[EventType "swiss"]
[EventRounds "9"]
[EventCountry "ESP"]
[Source "lmi"]
[SourceDate "2013.12.26"]

1. e4 c5 2. Ne2 Nc6 3. g3 d5 4. Bg2 dxe4 5. Bxe4 Nf6 6. Bg2 g6 7. O-O Bg7 8. d3
O-O 9. Na3 Bd7 10. Nf4 Bg4 11. f3 Bc8 12. Be3 b6 13. Qd2 Bb7 14. Rad1 Qd7 15.
Nb1 Rad8 16. Nc3 Qc8 17. Qc1 Nd4 18. Kh1 Qa8 19. Ne4 Nd7 20. c3 Nf5 21. Bf2 Ne5
22. g4 Nd6 23. Be3 c4 24. d4 Nxf3 25. Rxf3 Nxe4 26. Rdf1 Qc8 27. Nh3 Qxg4 28.
Qe1 Rd6 29. Nf4 Qd7 30. Rh3 g5 31. d5 gxf4 32. Bxf4 Bxd5 33. Qh4 Qf5 34. Bxd6
Ng3+ 0-1

[Event "7. Open Stadium Casablanca"]
[Site "Zaragoza ESP"]
[Date "2013.12.28"]
[Round "4.13"]
[White "Quintin Navarro, Alberto"]
[Black "Juberias Segura, Santiago"]
[Result "1-0"]
[WhiteElo "2317"]
[BlackElo "2047"]
[PlyCount "89"]
[EventDate "2013.12.26"]
[EventType "swiss"]
[EventRounds "9"]
[EventCountry "ESP"]
[Source "lmi"]
[SourceDate "2013.12.26"]

1. d4 Nf6 2. c4 g6 3. f3 Bg7 4. e4 d6 5. Be3 O-O 6. Ne2 Nbd7 7. Nec3 c5 8. d5
a6 9. Qd2 Qa5 10. Be2 Rb8 11. Na3 Ne8 12. Bh6 Bxc3 13. Qxc3 Qxc3+ 14. bxc3 Ng7
15. O-O-O Ne5 16. f4 Ng4 17. Bxg4 Bxg4 18. Rde1 b5 19. f5 b4 20. cxb4 cxb4 21.
Nc2 gxf5 22. h3 Bh5 23. exf5 f6 24. Bxg7 Kxg7 25. Rxe7+ Bf7 26. Nd4 Kg8 27. Kc2
Rfc8 28. Kd3 a5 29. Nc6 Ra8 30. Rhe1 Kf8 31. Rb7 Re8 32. Rxe8+ Kxe8 33. Rb8+
Rxb8 34. Nxb8 a4 35. Nc6 b3 36. axb3 axb3 37. Kc3 h5 38. g3 b2 39. Kxb2 Kd7 40.
Kc3 Kc7 41. Kb4 Be8 42. Nd4 Kd7 43. Ka5 Bf7 44. Kb6 Be8 45. Ne6 1-0

[Event "7. Open Stadium Casablanca"]
[Site "Zaragoza ESP"]
[Date "2013.12.28"]
[Round "4.15"]
[White "Ryan, Joseph"]
[Black "Palacios Herrero, Pablo"]
[Result "1-0"]
[WhiteElo "2280"]
[BlackElo "1994"]
[PlyCount "147"]
[EventDate "2013.12.26"]
[EventType "swiss"]
[EventRounds "9"]
[EventCountry "ESP"]
[Source "lmi"]
[SourceDate "2013.12.26"]

1. e4 e6 2. b3 d5 3. Bb2 dxe4 4. Nc3 Nf6 5. Qe2 Nbd7 6. Nxe4 Nxe4 7. Qxe4 Nf6
8. Qe2 Bd6 9. Nf3 O-O 10. Ne5 Qe7 11. g3 Rd8 12. a3 a5 13. a4 Nd5 14. Bg2 Nb4
15. d3 Bxe5 16. Bxe5 Qc5 17. O-O f6 18. c3 Nd5 19. Bd4 Nxc3 20. Bxc3 Qxc3 21.
Rac1 Qxb3 22. Rxc7 Rd7 23. Rfc1 Rxc7 24. Rxc7 Qb1+ 25. Qf1 Qxf1+ 26. Kxf1 Rb8
27. d4 b6 28. Ke2 Ba6+ 29. Ke3 Rc8 30. Ra7 Bc4 31. Rb7 Bd5 32. Bxd5 exd5 33.
Rxb6 Rc3+ 34. Kd2 Rc4 35. Ke3 Rxa4 36. Rb5 Ra3+ 37. Kf4 Kf7 38. Rxd5 Ke6 39.
Rb5 g5+ 40. Ke4 Ra4 41. Rb6+ Kf7 42. Kf5 Rxd4 43. Rb7+ Kg8 44. Kxf6 Rd6+ 45.
Kxg5 Rd2 46. f4 Rxh2 47. Ra7 Rc2 48. Rxa5 Rc7 49. g4 Kg7 50. Ra6 Rb7 51. f5 Rc7
52. Kh5 Rb7 53. g5 Rb1 54. Ra7+ Kg8 55. Ra4 Rh1+ 56. Kg4 Rb1 57. Kf4 Rb5 58.
Ra7 Rb4+ 59. Ke5 Rb5+ 60. Kf6 Rb6+ 61. Ke7 Rb8 62. Rd7 Kg7 63. Ke6+ Kg8 64. f6
Re8+ 65. Re7 Ra8 66. Kf5 Ra5+ 67. Kg4 Ra1 68. Rg7+ Kh8 69. Rc7 Kg8 70. Re7 Rg1+
71. Kf5 Rf1+ 72. Ke6 Re1+ 73. Kd7 Rg1 74. Ke8 1-0

[Event "7. Open Stadium Casablanca"]
[Site "Zaragoza ESP"]
[Date "2013.12.28"]
[Round "5.1"]
[White "Peralta, Fernando"]
[Black "Del Rio De Angelis, Salvador G"]
[Result "1-0"]
[WhiteElo "2600"]
[BlackElo "2498"]
[PlyCount "46"]
[EventDate "2013.12.26"]
[EventType "swiss"]
[EventRounds "9"]
[EventCountry "ESP"]
[Source "lmi"]
[SourceDate "2013.12.26"]

1. d4 e6 2. c4 Nf6 3. Nc3 Bb4 4. e3 O-O 5. Bd3 d5 6. Nf3 c5 7. O-O dxc4 8. Bxc4
Nc6 9. a3 Ba5 10. Qd3 a6 11. Rd1 b5 12. Ba2 Bb6 13. Qc2 c4 14. Bb1 g6 15. Qe2
Qe8 16. h3 e5 17. dxe5 Nxe5 18. e4 Nxf3+ 19. Qxf3 Qe5 20. Bf4 Qh5 21. Qxh5 Nxh5
22. Bd6 Rd8 23. Nd5 Ba5 1-0